000 00682nam a2200241 a 4500
001 723
003 BD-RjUL
005 20211208233225.0
008 161127s1991 cou b 001 0 eng
020 _a0813380359
035 _a(BD-RjUL)743
040 _aDLC
_cDLC
_dDLC
_dBD-RjUL
_beng
041 _aeng
082 0 0 _a016.303625
_223
_bLAT 1991
100 1 _aLakos, Amos,
_d1946-
_9167167
245 1 0 _aTerrorism, 1980-1990 :
_ba bibliography /
_cAmos Lakos.
260 _aBoulder :
_bWestview Press,
_c1991.
300 _ax, 443 p. ;
_c23 cm.
500 _aIncludes indexes.
650 0 _aTerrorism
_xBibliography.
_9167168
942 _2ddc
_cREF
999 _c723
_d723